| 000 | 00816nam a22002417a 4500 | ||
|---|---|---|---|
| 999 |
_c63306 _d63306 |
||
| 005 | 20240530110634.0 | ||
| 008 | 170918s2015 ua g b 000 0 ara d | ||
| 017 |
_a2015/1782 _bمصر . دار الكتب المصرية |
||
| 020 | _a9789773686956 | ||
| 040 | _aEG-CaGPL | ||
| 082 | 0 | 4 |
_221 _a400\ _bن ت |
| 100 | 0 | _aنادية رمضان النجار . | |
| 245 | 1 | 0 |
_aتصنيف اللغات و فصائلها / _cنادية رمضان النجار . |
| 250 | _aط.1 | ||
| 260 |
_aالاسكندرية : _bمؤسسة حورس الدولية ، _c2015 . |
||
| 300 |
_a169 ص ؛ _c24 سم . |
||
| 650 | 0 | 7 | _aاللغات . |
| 650 | 0 | 7 | _aاللغة السامية . |
| 650 | 0 | 7 | _aلغة الباسك . |
| 650 | 0 | 7 | _aاللغة الاورالية . |
| 650 | 0 | 7 | _aاللغة الكلتية |
| 942 |
_2ddc _cBK |
||